Statistics for Top 100 Highest Rated Songs of 2023

Click here to take the quiz!

General Stats

  • This quiz has been taken 7 times
  • The average score is 17 of 100

Answer Stats

#ArtistRatingSong% Correct
11Lana Del Rey93A&W
57%
52RAYE91Escapism.
57%
73Ryan Gosling91I'm Just Ken
57%
58Mitski91My Love Mine All Mine
43%
27Black Country, New Road92Dancers
29%
100Laufey90From The Start
29%
97Travis Scott90HYAENA
29%
64Black Country, New Road91Laughing Song
29%
74boygenius91Not Strong Enough
29%
53JPEGMAFIA & Danny Brown91SCARING THE HOES
29%
3Tyler, The Creator95SORRY NOT SORRY
29%
4Black Country, New Road95Turbines/Pigs
29%
32Black Country, New Road92Up Song
29%
25Jeff Rosenstock923 SUMMERS
14%
15Liturgy9393696
14%
95Aesop Rock90Aggressive Steven
14%
49bl4ck m4rket c4rt91Alive, Always
14%
84Susanne Sundfør90Alyosha
14%
26Parannoul92Analog Sentimentalism
14%
54Liturgy91Antigone II
14%
93Sufjan Stevens90A Running Start
14%
12Parannoul93Beautiful World
14%
8Jessie Ware94Begin Again
14%
56McKinley Dixon feat. Ms. Jaylin Brown91Beloved! Paradise! Jazz!?
14%
77Laufey90Bewitched
14%
70Susanne Sundfør91Blómi
14%
46SPELLLING91Boys at School
14%
61Dispirited Spirits91Bring Down the Sky
14%
71Wednesday91Bull Believer
14%
14JPEGMAFIA & Danny Brown93Burfict!
14%
17Ludwig Göransson93Can You Hear The Music
14%
51Mon Laferte91Casta Diva
14%
68Jane Remover91Census Designated
14%
22yeule92dazies
14%
43Liturgy91Djennaration
14%
91Model/Actriz90Donkey Show
14%
34Portraits of Tracy92Drunk*
14%
66Swans91Ebbing
14%
39Ana Frango Elétrico92Electric Fish
14%
24hemlocke springs92enknee1
14%
28billy woods & Kenny Segal feat. Samuel T. Herring92FaceTime
14%
31Jessie Ware92Free Yourself
14%
80JPEGMAFIA & Danny Brown90Garbage Pale Kids
14%
41JPEGMAFIA & Danny Brown91God Loves You
14%
38Sufjan Stevens92Goodbye Evergreen
14%
29bl4ck m4rket c4rt92Good Morning Texts
14%
87Mitski90Heaven
14%
63Reverend Kristin Michael Hayter91HOW CAN I KEEP FROM SINGING
14%
30George Clanton92I Been Young
14%
82Parannoul90Imagination
14%
48Daft Punk91Infinity Repeating (2013 Demo)
14%
60Parannoul91Insomnia
14%
1Parannoul95Into The Endless Night
14%
78Lil Yachty90IVE OFFICIALLY LOST ViSiON!!!!
14%
50Reverend Kristin Michael Hayter91I WILL BE WITH YOU ALWAYS
14%
62Zach Bryan91Jake's Piano - Long Island
14%
94Danny Brown90Jenn's Terrific Vacation
14%
44Maruja91Kakistocracy
14%
21JPEGMAFIA & Danny Brown feat. redveil92Kingdom Hearts Key
14%
40Asia Menor92La Naturaleza
14%
72Sprain91Man Proposes, God Disposes
14%
37Swans92Michael is Done
14%
81Aesop Rock90Mindful Solutionism
14%
86Sufjan Stevens90My Red Little Fox
14%
42Slauson Malone 191New Joy
14%
59bl4ck m4rket c4rt91No Food
14%
99Sampha90Only
14%
75Swans90Paradise Is Mine
14%
13Asia Menor93Patio
14%
69Jessie Wares91Pearls
14%
16Parannoul93Polaris
14%
35Parannoul92Polaris
14%
96Carly Rae Jepsen90Psychedelic Switch
14%
47Lil Yachty91REACH THE SUNSHINE.
14%
55Dispirited Spirits91Redshift Blues
14%
5Foo Fighters95Rest
14%
85Susanne Sundfør90Rūnā
14%
33McKinley Dixon92Run, Run, Run
14%
2Sufjan Stevens95Shit Talk
14%
92Model/Actriz90Slate
14%
9Sufjan Stevens93So You Are Tired
14%
36Sampha92Spirit 2.0
14%
83JPEGMAFIA & Danny Brown90Steppa Pig
14%
98Quedronol90sudbury (the pasture song)
14%
18Sampha93Suspended
14%
90Squid90Swing (In a Dream)
14%
76Swans90The Beggar
14%
45Swans91The Beggar Lover (Three)
14%
6Lil Yachty94the BLACK seminole.
14%
67Squid91The Blades
14%
88Armand Hammer90The Gods Must Be Crazy
14%
19Mac Miller with Earl Sweatshirt93The Star Room (OG Version)
14%
23Foo Fighters92The Teacher
14%
10Maruja93Thunder
14%
89bl4ck m4rket c4rt90Trapdoors That Open
14%
65SPELLLING91Under the Sun
14%
7Parannoul94White Ceiling
14%
57Kara Jackson91why does the earth give us people to love?
14%
20Sufjan Stevens93Will Anybody Ever Love Me?
14%
79slowthai90Yum
14%

Score Distribution

Percentile by Number Answered

Percent of People with Each Score

Your Score History

You have not taken this quiz